000 02251nam0a2200337 4500
001 RU\NLR\BIBL_A\022229188
005 20240829131201.0
010 _a978-5-89170-321-6
_9100
021 _aRU
_bКН-П-24-022026
_9КН-П-24-2291
035 _a(NLR Aleph) 022229188
090 _a13125690
_c13125690
100 _a20240521d2022 u y0rusy50 ca
101 0 _arus
102 _aRU
105 _aa j 000yy
181 0 _ai3
_baxxe
182 0 _an
200 1 _aОсновы педагогических знаний
_eучебное пособие
_eпо архитектурно-художественным направлениям подготовки
_fГ. Б. Паршукова, А. А. Гребенкина, О. В. Морозова
_gМинистерство науки и высшего образования Российской Федерации, Федеральное государственное бюджетное образовательное учреждение высшего образования "Новосибирский государственный университет архитектуры, дизайна и искусств имени А. Д. Крячкова"
203 _aТекст
_bвизуальный
_cнепосредственный
210 _aНовосибирск
_cНовосибирский государственный университет архитектуры, дизайна и искусств имени А. Д. Крячкова
_d2022
215 _a121 с.
_cил., табл.
_d21
320 _aБиблиогр.: с. 110-117 (90 назв.) и в подстроч. примеч.
606 1 _aПедагоги
_jУчебные издания для высших учебных заведений
_2nlr_sh2
_3RU\NLR\AUTH\661500003
686 1 _aЧ314.21я73
700 1 _aПаршукова
_bГ. Б.
_f1960-
_gГалина Борисовна
701 1 _aГребенкина
_bА. А.
_gАнна Александровна
701 1 _aМорозова
_bО. В.
_cканд. архитектуры
_gОльга Владимировна
_3RU\NLR\AUTH\770138698
942 _cBOOK
980 _aNB